Statistiques concernant Les 15 plus grandes villes du Royaume - Uni

Cliquez ici pour prendre le quiz!

Statistiques générales

  • Ce quiz a été pris 303 fois
  • Le résultat moyen est 9 sur 15

Statistiques - réponses

Nombre d'habitantsRéponse% Correct
8 250 205Londres
100%
464 200Manchester
97%
434 900Liverpool
93%
441 419Edimbourg
88%
590 507Glasgow
86%
1 085 810Birmingham
83%
307 364Cardiff
75%
430 459Leeds
75%
274 586Belfast
74%
429 028Bristol
55%
343 019Newcastle
52%
428 971Sheffield
45%
301 499Bradford
8%
301 984Kingston upon Hull
5%
310 200Conventry
3%

Distribution des résultats

Percentile par nombre de réponses

% des personnes avec chaque résultat

Votre développement - résultats

Vous n’avez pas pris ce quiz